00738 2200265 4500001002100000005001700021008004100038035002400079082001100103090002100114100001700135245010200152250001100254260004200265300002500307650002300332700002100355700001400376850001600390980001500406985000600421999001500427999001500442999001500457YOGYA-0209000006759320090227092006.0 ind  0010-020900000067593 a028.55 a028.55bBly TlK aBLYTON, Enid aTommy si pengadu dan cerita laincEnid Blyton ; alih bahasa Indri K. Hidayat ; ilustrasi Val Biro aCet. 7 aJakartabGramedia Pustaka Utamac1999 a189 hlmbilusc14 cm aBacaan kanak-kanak aHidayat, Indri K aBiro, Val aYOPDYOG JSC a29-12-2008 a3 a00P0006671 a00P0006672 a00P0006673